000 00642nam a22001577a 4500
003 OSt
005 20150923132029.0
008 150923b xxu||||| |||| 00| 0 eng d
040 _cRUA
082 _aAGR SOR 2007 B048 Or.1
100 _91179
_aSOK CHINAN
245 _aCASHEW NUT PRODUCTION OF HOUSEHOLD IN STUNG TRANG DISTRICT, KAMPONG CHAM PROVINCE,(ផលិតកម្មស្វាយចន្ទីជាលក្ខណៈគ្រួសារ​ នៅស្រុកស្ទឹងត្រង់ ខេត្តកំពង់ចាម)
260 _aphnom penh
_bRUA
_c2007
300 _axiv, 62p.
_cill.
_g29cm.
942 _2ddc
_cAGR
999 _c1122
_d1122